Operační systémy počítačů třetí generace
Gespeichert in:
| Hauptverfasser: | , |
|---|---|
| Format: | Buch |
| Sprache: | Tschechisch |
| Veröffentlicht: |
Praha :
SNTL,
1977
|
| Tags: |
Keine Tags, Fügen Sie das erste Tag hinzu!
|
MARC
| LEADER | 00000nam a22000003a 4500 | ||
|---|---|---|---|
| 001 | stu220194 | ||
| 005 | 20150617230120.3 | ||
| 008 | 110119s1977------------------------cze-d | ||
| 040 | |a STU |b slo | ||
| 041 | 0 | |a cze | |
| 100 | 1 | |a Navrátil, V. |4 aut | |
| 245 | 1 | |a Operační systémy počítačů třetí generace | |
| 260 | |a Praha : |b SNTL, |c 1977 | ||
| 700 | 1 | |a Sokol, Jan |4 aut | |
| 996 | |c I*9OP2221 |l I |s A |a 24 |w stu220194_0001 | ||